000 00296nam a2200109Ia 4500
008 200302s9999 xx 000 0 und d
100 _aLakshmi Suramanian
245 _aPorts Towns Cities A Historical Tour of the Indian Littoral
260 _bMarg Publications
260 _c2008
300 _a168 P.,
999 _c5725
_d5725